| 000 | 00734nam a22002297a 4500 | ||
|---|---|---|---|
| 003 | 0 | ||
| 005 | 20250506150501.0 | ||
| 008 | 250506b xxu||||| |||| 00| 0 eng d | ||
| 020 | _a9786214270897 | ||
| 050 |
_aHF 5416.5 _b.Ac181 2022 |
||
| 100 | _aAcierto, Marife Agustin | ||
| 245 |
_aPricing strategy _cDr. Marife Agustin-Acierto and Dr. Gilfred Abad Acierto |
||
| 260 |
_aManila _bUnlimited Books Library Services & Publishing Inc. _cc2022 |
||
| 300 |
_axiv, 349 pages ; _c26cm. |
||
| 504 | _aIncludes bibliographical references. | ||
| 650 | _aPricing. | ||
| 650 | _aPricing--Philippines. | ||
| 650 | _aMarketing—Pricing strategy. | ||
| 650 | _aPrice policy | ||
| 700 | _aAcierto, Gilfred Abad | ||
| 942 |
_2lcc _cBK |
||
| 999 |
_c367453 _d367453 |
||